• 首页
  • 本馆介绍
  • 公告通知
  • 最新文献
  • 馆藏检索
  • 电子资源
  • 读者导购
  • 参考咨询
  • 我的图书馆
  • 登录
  • 详细信息显示
  • 放入我的书架
  • 预约/预借图书
  • 作者相关作品
  • 分类相关作品
  • 丛书相关作品
  • 出版社相关作品

书目信息

  • 表格格式
  • 工作单格式
  • 卡片格式
题名:
代数学辞典
    
 
作者: 长泽龟之助原 编 ;薛德炯 , 吴载耀 译
分册:  
出版信息: 上海   上海科学技术出版社  1959.10
页数: 一册
开本: 21cm
丛书名:
单 册:
中图分类: O15-61 , O122-61
科图分类:
主题词: 代数--词典 , 初等数学
电子资源:
ISBN:
000 00884nam0 2200301 45
001 0182001082
005 20040924154455.6
010    @b精装@dCNY5.25
091    @a17119.8
100    @a19950426d1959 emky0chiy0121 ea
101 1  @achi@cjpn
102    @aCN@b310000
105    @ay e 000yy
106    @ar
200 10 @a代数学辞典@Adai shu xue ci dian@e题解中心@ETi Jie Zhong Xin@f(日)长泽龟之助原编@F(Ri)Chang Ze Gui Zhi Zhu Yuan Bian@g薛德炯,吴载耀译
210    @a上海@c上海科学技术出版社@d1959.10
215    @a一册@d21cm
517    @a题解中心@ATi Jie Zhong Xin
606    @a代数@x词典
606 0  @a初等数学
690    @aO15-61@v3
690    @aO122-61@v3
701  0 @a长泽龟之助原@4编
702  0 @a薛德炯@AXue De Jiong@4译
702  0 @a吴载耀@AWu Zai Yao@4译
801  0 @aCN@b上海图书馆@c20040921
801  2 @aCN@bNLC@c20040921
905    @dO122-61@e2@f1@b66359
    
    代数学辞典:题解中心/(日)长泽龟之助原编/薛德炯,吴载耀译.-上海:上海科学技术出版社,1959.10
    一册;21cm
    
    
    ISBN (精装):CNY5.25
    
●
相关链接 在E读中查询图书 在五车中查询图书 在当当中查询图书 在豆瓣中查询图书


正题名:代数学辞典     索取号:O122-61/2         预约/预借

序号 登录号 条形码 馆藏地/架位号 状态 备注
1 0066357   000554171   密集书库/ [索取号:O122-61/2] 在馆    
2 0066358   000554180   密集书库/ [索取号:O122-61/2] 在馆    
3 0066359   001962852   工具书阅览室/ [索取号:O122-61/2] 在馆    
4 0066360   000554242   密集书库/ [索取号:O122-61/2] 在馆    
5 0066361   000554206   密集书库/ [索取号:O122-61/2] 在馆    
6 0172118   000554199   第二样本阅览室/ [索取号:O122-61/2] 在馆    
唐山师范学院图书馆 欢迎您!
大连网信软件有限公司© 版权所有